Irish Counties - Statistics

General Stats
  • This quiz has been taken 322 times
  • The average score is 24 of 32
Answer Stats
Hint Answer % Correct
Munster Cork
93%
Leinster Dublin
93%
Ulster Derry
86%
Ulster Donegal
84%
Munster Kerry
84%
Connacht Galway
83%
Munster Waterford
83%
Connacht Mayo
82%
Ulster Antrim
81%
Ulster Armagh
81%
Leinster Wexford
80%
Munster Clare
79%
Ulster Down
77%
Ulster Fermanagh
76%
Munster Tipperary
76%
Ulster Tyrone
76%
Munster Limerick
75%
Leinster Meath
75%
Connaght Sligo
75%
Leinster Westmeath
73%
Ulster Cavan
72%
Leinster Kilkenny
72%
Ulster Monaghan
71%
Leinster Wicklow
68%
Connaght Roscommon
66%
Leinster Kildare
65%
Leinster Louth
62%
Leinster Carlow
59%
Leinster Laois
59%
Connaght Leitrim
58%
Leinster Offaly
58%
Leinster Longford
56%
No matching quizzes found
Score Distribution
Percent of People with Each Score
Percentile by Number Answered
Your Score History
You have not taken this quiz